Μεθοδολογία της διδακτικής και ειδική μεθοδολογία της διδασκαλίας-μάθησης : με σύγχρονα διδακτικά μοντέλα και δείγματα εφαρμογών

Αποθηκεύτηκε σε:
Λεπτομέρειες βιβλιογραφικής εγγραφής
Κύριος συγγραφέας: Δερβίσης, Στέργιος Ν.
Μορφή: Βιβλίο
Γλώσσα:Greek
Δημοσίευση: Θεσσαλονίκη : [χ.ό.], 1987
Θέματα:
Ετικέτες: Προσθήκη ετικέτας
Δεν υπάρχουν, Καταχωρήστε ετικέτα πρώτοι!

MARC

LEADER 00000nam a2200000 i 4500
001 1/74784
008 960516s1987 gre d
035 |a 1989  |b 1  |c Δωρεά  |l 10031934 
040 |a GR-MY-UA  |b gre  |e aacr 
041 0 |a gre 
082 0 |a 371.3 
100 1 |a Δερβίσης, Στέργιος Ν. 
245 1 0 |a Μεθοδολογία της διδακτικής και ειδική μεθοδολογία της διδασκαλίας-μάθησης :  |b με σύγχρονα διδακτικά μοντέλα και δείγματα εφαρμογών /  |c Στέργιος Ν. Δερβίσης 
260 |a Θεσσαλονίκη :   |b [χ.ό.],   |c 1987 
300 |a 448 σ. 
650 0 0 |a Teaching. 
650 0 0 |a Elementary school teaching. 
852 |a INST  |b RHODES  |e 19960516  |h 371.3 ΔΕΡ  |p 005400001461  |q 005400001461  |t BK  |y 0 
852 |a INST  |b RHODES  |e 19960516  |h 371.3 ΔΕΡ  |p 005400001463  |q 005400001463  |t BK  |y 0 
852 |a INST  |b RHODES  |e 19960516  |h 371.3 ΔΕΡ  |p 005400002199  |q 005400002199  |t BK  |y 0 
852 |a INST  |b RHODES  |e 19960516  |h 371.3 ΔΕΡ  |p 005400002203  |q 005400002203  |t BK  |y 0 
852 |a INST  |b RHODES  |e 19960516  |h 371.3 ΔΕΡ  |p 005400002208  |q 005400002208  |t BK  |y 0 
909 |a Ρ  |b 009991  |c 1989 
909 |a Ρ  |b 009992  |c 1989 
909 |a Ρ  |b 012481  |c 1989 
909 |a Ρ  |b 012482  |c 1989 
909 |a Ρ  |b 012483  |c 1989